000 00976nam a2200253Ia 4500
001 16716
003 GE_BSU
008 181216s||||||||xx |||||||||||||| ||und||
040 _cGE_BSU
080 _a821.161.1-32 + 821.161.1.09
100 _aზოშჩენკო, მ.
245 _aმზის ამოსვლის წინ; გონებისათვის
245 _bნოველები
245 _cწინასიტყვ. ავტ.: ა. გელიგა] ; თარგმნა ე. თვარაძემ
260 _aთბილისი
260 _bგანათლება
260 _c1986
300 _a240გვ. ; 20სმ
653 _aგონებისათვის
653 _aმზის ამოსვლის წინ
653 _aნოველები
653 _aრუსული ლიტერატურის ისტორია და კრიტიკა
942 _cBK
999 _c49781
_d49781